[Event "MPA 2100 2024"]
[Site "Sianozety"]
[Date "2024.04.12"]
[Round "7.1"]
[White "Motyl, Tomasz"]
[Black "Zgadzaj, Rafal"]
[Result "1/2-1/2"]
[BlackElo "1952"]
[WhiteElo "1891"]
[LiveChessVersion "1.4.4"]

1. e4 {[%clk 1:25:06]} d6 {[%clk 1:30:46]} 2. d4 {[%clk 1:25:30]} Nf6
{[%clk 1:31:04]} 3. Nc3 {[%clk 1:25:51]} g6 {[%clk 1:31:12]} 4. f4
{[%clk 1:25:50]} Bg7 {[%clk 1:31:11]} 5. Nf3 {[%clk 1:25:39]} O-O
{[%clk 1:30:22]} 6. a3 {[%clk 1:25:19]} Bg4 {[%clk 1:26:47]} 7. Be2
{[%clk 1:21:54]} Bxf3 {[%clk 1:22:38]} 8. Bxf3 {[%clk 1:21:40]} e5
{[%clk 1:21:00]} 9. fxe5 {[%clk 1:17:07]} dxe5 {[%clk 1:20:43]} 10. d5
{[%clk 1:14:37]} c6 {[%clk 1:17:44]} 11. dxc6 {[%clk 1:09:33]} Nxc6
{[%clk 1:16:27]} 12. Qxd8 {[%clk 1:09:45]} Raxd8 {[%clk 1:15:01]} 13. Bg5
{[%clk 1:09:22]} Nd4 {[%clk 1:13:44]} 14. O-O-O {[%clk 1:09:41]} h6
{[%clk 1:12:24]} 15. Be3 {[%clk 1:07:42]} Rd6 {[%clk 1:10:39]} 16. Rd2
{[%clk 1:04:22]} Rfd8 {[%clk 1:09:33]} 17. Rhd1 {[%clk 1:04:22]} a6
{[%clk 1:09:28]} 18. Bxd4 {[%clk 1:03:22]} Rxd4 {[%clk 1:09:18]} 19. Rxd4
{[%clk 1:02:44]} Rxd4 {[%clk 1:08:54]} 20. Rxd4 {[%clk 1:02:43]} exd4
{[%clk 1:09:17]} 21. Nd5 {[%clk 0:58:12]} Nxd5 {[%clk 1:09:13]} 22. exd5
{[%clk 0:58:31]} 1/2-1/2

[Event "MPA 2100 2024"]
[Site "Sianozety"]
[Date "2024.04.12"]
[Round "7.2"]
[White "Tyran, Daniel"]
[Black "Lewandrowski, Tomasz"]
[Result "0-1"]
[BlackElo "1919"]
[WhiteElo "1854"]
[LiveChessVersion "1.4.4"]

1. d4 {[%clk 1:30:58]} Nf6 {[%clk 1:30:54]} 2. c4 {[%clk 1:31:24]} e6
{[%clk 1:31:18]} 3. g3 {[%clk 1:31:49]} d5 {[%clk 1:31:28]} 4. Nf3
{[%clk 1:32:12]} Bb4+ {[%clk 1:31:38]} 5. Bd2 {[%clk 1:32:30]} Be7
{[%clk 1:32:07]} 6. Bg2 {[%clk 1:32:42]} O-O {[%clk 1:32:12]} 7. O-O
{[%clk 1:33:04]} Nbd7 {[%clk 1:31:53]} 8. Qc2 {[%clk 1:33:21]} c6
{[%clk 1:31:42]} 9. Bf4 {[%clk 1:33:00]} b6 {[%clk 1:28:55]} 10. Rd1
{[%clk 1:32:59]} Bb7 {[%clk 1:28:53]} 11. Ne5 {[%clk 1:31:38]} Rc8
{[%clk 1:24:01]} 12. Nc3 {[%clk 1:29:42]} Re8 {[%clk 1:18:57]} 13. Bf3
{[%clk 1:21:06]} Bf8 {[%clk 1:18:17]} 14. Rac1 {[%clk 1:19:18]} Qe7
{[%clk 1:13:41]} 15. a3 {[%clk 1:14:01]} Nxe5 {[%clk 1:09:13]} 16. dxe5
{[%clk 1:13:21]} Nd7 {[%clk 1:09:14]} 17. g4 {[%clk 1:08:16]} g5 {[%clk 1:07:31]}
18. Bg3 {[%clk 1:08:23]} Bg7 {[%clk 1:07:59]} 19. cxd5 {[%clk 1:01:20]} exd5
{[%clk 1:07:03]} 20. e4 {[%clk 0:57:58]} d4 {[%clk 0:57:45]} 21. Rxd4
{[%clk 0:54:37]} Nxe5 {[%clk 0:58:13]} 22. Bxe5 {[%clk 0:54:12]} Bxe5
{[%clk 0:58:41]} 23. Rd3 {[%clk 0:49:40]} Ba6 {[%clk 0:58:37]} 24. Rdd1
{[%clk 0:50:00]} Qf6 {[%clk 0:58:31]} 25. Kg2 {[%clk 0:49:14]} Qf4
{[%clk 0:53:06]} 26. Rh1 {[%clk 0:49:22]} Re6 {[%clk 0:53:12]} 27. Rcd1
{[%clk 0:48:08]} Rf6 {[%clk 0:52:31]} 28. Rd3 {[%clk 0:47:39]} Bxd3
{[%clk 0:52:31]} 29. Qxd3 {[%clk 0:47:46]} Rd6 {[%clk 0:50:19]} 30. Qa6
{[%clk 0:45:12]} Rc7 {[%clk 0:48:35]} 31. Ne2 {[%clk 0:43:49]} Qf6
{[%clk 0:48:51]} 32. b3 {[%clk 0:41:36]} Rcd7 {[%clk 0:48:25]} 33. Nc1
{[%clk 0:37:31]} Rd2 {[%clk 0:48:02]} 34. Qc4 {[%clk 0:34:16]} b5
{[%clk 0:47:06]} 35. Qf1 {[%clk 0:33:07]} Bb2 {[%clk 0:46:54]} 36. h4
{[%clk 0:32:00]} Bxc1 {[%clk 0:44:58]} 37. hxg5 {[%clk 0:31:40]} Qf4
{[%clk 0:44:42]} 38. Qxc1 {[%clk 0:31:39]} R7d3 {[%clk 0:44:47]} 39. Be2
{[%clk 0:31:07]} Qxe4+ {[%clk 0:44:02]} 0-1

[Event "MPA 2100 2024"]
[Site "Sianozety"]
[Date "2024.04.12"]
[Round "7.3"]
[White "Spyra, Piotr"]
[Black "Plotka, Wojciech"]
[Result "0-1"]
[BlackElo "1958"]
[WhiteElo "1915"]
[LiveChessVersion "1.4.4"]

1. e4 {[%clk 1:30:57]} d6 {[%clk 1:30:51]} 2. d4 {[%clk 1:31:18]} Nf6
{[%clk 1:31:08]} 3. Nc3 {[%clk 1:31:39]} g6 {[%clk 1:31:21]} 4. Be2
{[%clk 1:31:58]} Bg7 {[%clk 1:31:27]} 5. h4 {[%clk 1:32:15]} c5 {[%clk 1:31:22]}
6. dxc5 {[%clk 1:32:38]} Qa5 {[%clk 1:30:35]} 7. Kf1 {[%clk 1:33:01]} Qxc5
{[%clk 1:25:34]} 8. Be3 {[%clk 1:33:19]} Qa5 {[%clk 1:21:48]} 9. h5
{[%clk 1:31:40]} Nxh5 {[%clk 1:19:39]} 10. Bxh5 {[%clk 1:31:26]} Bxc3
{[%clk 1:19:15]} 11. bxc3 {[%clk 1:29:58]} gxh5 {[%clk 1:19:10]} 12. Rxh5
{[%clk 1:25:49]} Qxc3 {[%clk 1:15:32]} 13. Ne2 {[%clk 1:22:04]} Qc4
{[%clk 1:14:23]} 14. f3 {[%clk 1:22:16]} Nc6 {[%clk 1:06:39]} 15. a3
{[%clk 1:15:16]} Be6 {[%clk 1:04:49]} 16. Kf2 {[%clk 1:15:12]} Rc8
{[%clk 1:04:14]} 17. Rb1 {[%clk 1:14:31]} b6 {[%clk 1:03:35]} 18. Qd2
{[%clk 1:13:07]} Qa2 {[%clk 0:54:43]} 19. Rbh1 {[%clk 1:12:30]} Qxa3
{[%clk 0:49:31]} 20. Rxh7 {[%clk 1:12:50]} Rxh7 {[%clk 0:49:00]} 21. Rxh7
{[%clk 1:13:13]} Qb2 {[%clk 0:47:07]} 22. f4 {[%clk 1:10:58]} Nb4
{[%clk 0:24:30]} 23. Bd4 {[%clk 1:09:25]} Rxc2 {[%clk 0:24:18]} 24. Bxb2
{[%clk 1:05:19]} Rxd2 {[%clk 0:24:43]} 25. Bc3 {[%clk 1:05:33]} Rc2
{[%clk 0:22:32]} 26. Rh8+ {[%clk 1:02:26]} Kd7 {[%clk 0:23:00]} 27. Bxb4
{[%clk 1:02:36]} Bc4 {[%clk 0:23:13]} 28. Ra8 {[%clk 1:02:47]} a5
{[%clk 0:21:40]} 29. Ra7+ {[%clk 1:02:56]} Kc6 {[%clk 0:21:32]} 30. Bc3
{[%clk 1:00:49]} Rxe2+ {[%clk 0:20:05]} 31. Kf3 {[%clk 1:01:13]} Rc2
{[%clk 0:19:44]} 32. Bg7 {[%clk 1:01:35]} Kb5 {[%clk 0:15:04]} 33. Rxe7
{[%clk 1:01:52]} a4 {[%clk 0:15:06]} 34. Rb7 {[%clk 1:01:02]} Bb3
{[%clk 0:13:42]} 35. Bd4 {[%clk 1:01:05]} Rc6 {[%clk 0:13:47]} 36. g4
{[%clk 1:01:18]} a3 {[%clk 0:13:39]} 37. f5 {[%clk 1:01:10]} Kc4 {[%clk 0:12:43]}
38. Ke3 {[%clk 1:00:59]} Kb5 {[%clk 0:09:14]} 39. g5 {[%clk 1:00:20]} a2
{[%clk 0:09:08]} 40. g6 {[%clk 0:59:25]} fxg6 {[%clk 0:09:14]} 41. fxg6
{[%clk 0:59:01]} Ka6 {[%clk 0:08:23]} 42. Rb8 {[%clk 0:58:43]} b5
{[%clk 0:07:44]} 43. g7 {[%clk 0:58:02]} Ka5 {[%clk 0:07:35]} 44. g8=Q
{[%clk 0:57:24]} Bxg8 {[%clk 0:07:58]} 45. Rxg8 {[%clk 0:57:48]} Kb4
{[%clk 0:08:06]} 46. Rg2 {[%clk 0:56:14]} Ka3 {[%clk 0:07:33]} 47. Kd3
{[%clk 0:54:42]} Rc1 {[%clk 0:02:20]} 48. Rc2 {[%clk 0:46:31]} Rd1+
{[%clk 0:01:48]} 49. Rd2 {[%clk 0:47:00]} a1=Q {[%clk 0:01:59]} 50. Bxa1
{[%clk 0:47:17]} Rxa1 {[%clk 0:02:25]} 51. Kd4 {[%clk 0:46:51]} b4
{[%clk 0:02:40]} 52. Rd3+ {[%clk 0:40:06]} b3 {[%clk 0:02:41]} 53. Kc4
{[%clk 0:40:21]} Rc1+ {[%clk 0:03:03]} 54. Kd5 {[%clk 0:40:37]} Re1
{[%clk 0:03:11]} 55. Kc4 {[%clk 0:38:27]} Rxe4+ {[%clk 0:03:34]} 56. Kc3
{[%clk 0:38:53]} Re8 {[%clk 0:02:43]} 57. Rxd6 {[%clk 0:39:06]} Rc8+
{[%clk 0:03:09]} 58. Kd2 {[%clk 0:39:24]} b2 {[%clk 0:01:53]} 59. Ra6+
{[%clk 0:39:41]} Kb3 {[%clk 0:02:22]} 60. Rb6+ {[%clk 0:39:37]} Ka2
{[%clk 0:02:51]} 61. Ra6+ {[%clk 0:39:51]} Kb1 {[%clk 0:03:15]} 62. Ra7
{[%clk 0:37:26]} Rd8+ {[%clk 0:03:30]} 63. Ke2 {[%clk 0:37:45]} Rd5
{[%clk 0:03:29]} 64. Ra8 {[%clk 0:37:40]} Kc2 {[%clk 0:03:50]} 65. Rc8+
{[%clk 0:38:00]} Kb3 {[%clk 0:04:15]} 66. Rb8+ {[%clk 0:38:21]} Kc3
{[%clk 0:04:06]} 67. Ke3 {[%clk 0:38:05]} Rc5 {[%clk 0:04:20]} 68. Ke2
{[%clk 0:37:34]} Kc2 0-1

[Event "MPA 2100 2024"]
[Site "Sianozety"]
[Date "2024.04.12"]
[Round "7.4"]
[White "Gabrys, Lukasz"]
[Black "Sliwerski, Radoslaw"]
[Result "0-1"]
[BlackElo "1995"]
[WhiteElo "1993"]
[LiveChessVersion "1.4.4"]

1. e4 {[%clk 1:30:56]} c5 {[%clk 1:28:58]} 2. c3 {[%clk 1:31:20]} d5
{[%clk 1:29:17]} 3. exd5 {[%clk 1:31:43]} Qxd5 {[%clk 1:29:38]} 4. d4
{[%clk 1:32:09]} Nf6 {[%clk 1:29:58]} 5. Nf3 {[%clk 1:32:33]} e6 {[%clk 1:30:24]}
6. Be3 {[%clk 1:28:38]} Be7 {[%clk 1:30:19]} 7. dxc5 {[%clk 1:28:33]} Qxd1+
{[%clk 1:30:42]} 8. Kxd1 {[%clk 1:28:57]} O-O {[%clk 1:31:07]} 9. b4
{[%clk 1:28:49]} a5 {[%clk 1:28:23]} 10. Bb5 {[%clk 1:26:46]} Nd5
{[%clk 1:24:51]} 11. Bd2 {[%clk 1:26:59]} Bf6 {[%clk 1:23:46]} 12. a4
{[%clk 1:21:30]} axb4 {[%clk 1:22:21]} 13. Kc2 {[%clk 1:21:45]} Bd7
{[%clk 1:19:49]} 14. Bxd7 {[%clk 1:19:59]} Nxd7 {[%clk 1:20:08]} 15. Ra2
{[%clk 1:19:49]} bxc3 {[%clk 1:19:46]} 16. Bxc3 {[%clk 1:19:54]} Bxc3
{[%clk 1:20:11]} 0-1

[Event "MPA 2100 2024"]
[Site "Sianozety"]
[Date "2024.04.12"]
[Round "8.1"]
[White "Zgadzaj, Rafal"]
[Black "Plotka, Wojciech"]
[Result "1-0"]
[BlackElo "1958"]
[WhiteElo "1952"]
[LiveChessVersion "1.4.4"]

1. c4 {[%clk 1:30:57]} c5 {[%clk 1:30:46]} 2. Nc3 {[%clk 1:30:59]} Nf6
{[%clk 1:30:57]} 3. e4 {[%clk 1:31:05]} d6 {[%clk 1:27:26]} 4. g3
{[%clk 1:30:00]} g6 {[%clk 1:26:38]} 5. Bg2 {[%clk 1:30:09]} Bg7 {[%clk 1:26:51]}
6. d3 {[%clk 1:28:44]} Nc6 {[%clk 1:25:55]} 7. Nge2 {[%clk 1:28:02]} a6
{[%clk 1:20:42]} 8. h3 {[%clk 1:26:12]} Rb8 {[%clk 1:16:17]} 9. a4
{[%clk 1:25:04]} Bd7 {[%clk 1:14:08]} 10. Be3 {[%clk 1:21:33]} e6
{[%clk 1:05:16]} 11. d4 {[%clk 1:08:55]} Qe7 {[%clk 1:03:41]} 12. a5
{[%clk 0:59:38]} cxd4 {[%clk 0:50:06]} 13. Nxd4 {[%clk 0:59:55]} O-O
{[%clk 0:46:58]} 14. O-O {[%clk 0:57:14]} Rbc8 {[%clk 0:35:43]} 15. b3
{[%clk 0:56:16]} Rfd8 {[%clk 0:32:32]} 16. Re1 {[%clk 0:51:41]} Be8
{[%clk 0:32:20]} 17. Qd2 {[%clk 0:43:22]} Nd7 {[%clk 0:31:00]} 18. Nxc6
{[%clk 0:37:25]} Rxc6 {[%clk 0:29:57]} 19. Rad1 {[%clk 0:35:58]} Rdc8
{[%clk 0:25:16]} 20. Nd5 {[%clk 0:29:28]} Qf8 {[%clk 0:22:03]} 21. Nb6
{[%clk 0:29:25]} Rd8 {[%clk 0:15:08]} 22. Qb4 {[%clk 0:24:00]} Nxb6
{[%clk 0:07:18]} 23. Bxb6 {[%clk 0:24:28]} Rdc8 {[%clk 0:06:52]} 24. e5
{[%clk 0:22:15]} Bxe5 {[%clk 0:05:25]} 25. Bxc6 {[%clk 0:21:20]} bxc6
{[%clk 0:04:46]} 26. c5 {[%clk 0:20:02]} Qg7 {[%clk 0:03:53]} 27. Qc4
{[%clk 0:16:54]} d5 {[%clk 0:03:25]} 28. Qxa6 {[%clk 0:17:00]} Rb8
{[%clk 0:01:51]} 29. Qa7 {[%clk 0:17:29]} f5 {[%clk 0:01:31]} 30. Qxg7+
{[%clk 0:17:10]} Bxg7 {[%clk 0:01:59]} 31. Rxe6 {[%clk 0:17:29]} d4
{[%clk 0:01:10]} 32. Rd6 {[%clk 0:16:07]} Bf7 {[%clk 0:00:42]} 33. Rd3
{[%clk 0:14:54]} Bf8 {[%clk 0:00:34]} 34. Rd8 {[%clk 0:15:11]} Rxd8
{[%clk 0:01:02]} 35. Bxd8 {[%clk 0:15:32]} Bxc5 {[%clk 0:01:24]} 36. Bb6
{[%clk 0:15:47]} 1-0

[Event "MPA 2100 2024"]
[Site "Sianozety"]
[Date "2024.04.12"]
[Round "8.2"]
[White "Lewandrowski, Tomasz"]
[Black "Motyl, Tomasz"]
[Result "1-0"]
[BlackElo "1891"]
[WhiteElo "1919"]
[LiveChessVersion "1.4.4"]

1. d4 {[%clk 1:30:59]} Nf6 {[%clk 1:30:38]} 2. Nc3 {[%clk 1:31:24]} d5
{[%clk 1:30:48]} 3. Bf4 {[%clk 1:31:44]} c5 {[%clk 1:30:54]} 4. e4
{[%clk 1:32:04]} Nxe4 {[%clk 1:30:33]} 5. Nxe4 {[%clk 1:32:06]} dxe4
{[%clk 1:30:55]} 6. dxc5 {[%clk 1:32:25]} Qxd1+ {[%clk 1:25:36]} 7. Rxd1
{[%clk 1:32:53]} Bd7 {[%clk 1:25:04]} 8. Bc4 {[%clk 1:28:01]} f6 {[%clk 1:11:34]}
9. b4 {[%clk 1:20:41]} e5 {[%clk 1:08:50]} 10. Be3 {[%clk 1:20:01]} Nc6
{[%clk 1:05:47]} 11. c3 {[%clk 1:18:19]} O-O-O {[%clk 1:03:13]} 12. Bd5
{[%clk 1:07:46]} f5 {[%clk 0:51:56]} 13. f4 {[%clk 1:06:10]} exf4
{[%clk 0:44:07]} 14. Bxf4 {[%clk 1:06:38]} Be7 {[%clk 0:44:20]} 15. Ne2
{[%clk 1:05:09]} Bf6 {[%clk 0:41:39]} 16. O-O {[%clk 1:03:20]} Rhe8
{[%clk 0:37:47]} 17. Bd6 {[%clk 1:02:37]} g6 {[%clk 0:32:33]} 18. a4
{[%clk 0:56:02]} Ne5 {[%clk 0:23:11]} 19. b5 {[%clk 0:54:26]} Nd3
{[%clk 0:18:17]} 20. Bf7 {[%clk 0:41:07]} Rh8 {[%clk 0:17:43]} 21. c4
{[%clk 0:41:08]} b6 {[%clk 0:11:45]} 22. cxb6 {[%clk 0:37:47]} axb6
{[%clk 0:12:13]} 23. Ba3 {[%clk 0:38:05]} Kc7 {[%clk 0:09:50]} 24. Bd5
{[%clk 0:38:19]} Bg5 {[%clk 0:09:05]} 25. g3 {[%clk 0:28:00]} Be3+ 26. Kg2
{[%clk 0:28:16]} Bc8 {[%clk 0:08:05]} 27. Be7 {[%clk 0:26:02]} Rd7
{[%clk 0:07:16]} 28. Bf6 {[%clk 0:26:31]} Rf8 {[%clk 0:07:17]} 29. Bc3
{[%clk 0:26:44]} Bb7 {[%clk 0:06:32]} 30. Bxb7 {[%clk 0:22:39]} Kxb7
{[%clk 0:07:00]} 31. a5 {[%clk 0:22:49]} bxa5 {[%clk 0:06:36]} 32. Bxa5
{[%clk 0:23:08]} Ra8 {[%clk 0:06:33]} 33. Ra1 {[%clk 0:23:06]} Ne5
{[%clk 0:05:59]} 34. Bc3 {[%clk 0:17:14]} Rxa1 {[%clk 0:06:06]} 35. Rxa1
{[%clk 0:16:44]} Nxc4 {[%clk 0:06:28]} 36. Ra6 {[%clk 0:16:20]} Bb6
{[%clk 0:04:40]} 37. Nf4 {[%clk 0:15:27]} Ne3+ {[%clk 0:04:55]} 38. Kh3
{[%clk 0:15:33]} Nd5 {[%clk 0:05:05]} 39. Be5 {[%clk 0:15:24]} Nxf4+
{[%clk 0:05:18]} 40. Bxf4 {[%clk 0:15:53]} Rd5 {[%clk 0:05:14]} 41. Ra1
{[%clk 0:15:34]} Rxb5 {[%clk 0:04:18]} 42. Rd1 {[%clk 0:16:03]} e3
{[%clk 0:03:05]} 43. Rd7+ {[%clk 0:13:15]} Kc6 {[%clk 0:03:26]} 44. Re7
{[%clk 0:13:09]} Rb3 {[%clk 0:03:05]} 45. Kh4 {[%clk 0:12:55]} Bc5
{[%clk 0:03:11]} 46. Re8 {[%clk 0:13:05]} Kd5 {[%clk 0:02:55]} 47. Kg5
{[%clk 0:13:14]} Kd4 {[%clk 0:02:26]} 48. g4 {[%clk 0:10:07]} fxg4
{[%clk 0:02:02]} 49. Kxg4 {[%clk 0:10:36]} h5+ {[%clk 0:02:14]} 50. Kg5
{[%clk 0:10:53]} Kd3 {[%clk 0:02:05]} 51. Kxg6 {[%clk 0:10:48]} h4
{[%clk 0:01:59]} 52. Bg5 {[%clk 0:10:10]} h3 {[%clk 0:01:36]} 53. Kf5
{[%clk 0:09:07]} Rb2 {[%clk 0:01:32]} 54. Bf4 {[%clk 0:08:48]} Rg2
{[%clk 0:01:36]} 55. Rd8+ {[%clk 0:08:56]} Ke2 {[%clk 0:01:23]} 56. Ke4
{[%clk 0:08:17]} Kf2 {[%clk 0:01:21]} 57. Rc8 {[%clk 0:06:16]} e2
{[%clk 0:01:39]} 58. Bd2 {[%clk 0:06:45]} Bd6 {[%clk 0:00:56]} 59. Rc1
{[%clk 0:06:25]} Bxh2 {[%clk 0:00:59]} 60. Be1+ {[%clk 0:06:18]} Kf1
{[%clk 0:00:36]} 61. Bh4+ {[%clk 0:06:26]} 1-0

[Event "MPA 2100 2024"]
[Site "Sianozety"]
[Date "2024.04.12"]
[Round "8.3"]
[White "Maksimenko, Andrei Jr"]
[Black "Sliwerski, Radoslaw"]
[Result "1/2-1/2"]
[BlackElo "1995"]
[WhiteElo "1867"]
[LiveChessVersion "1.4.4"]

1. d4 {[%clk 1:23:52]} Nf6 {[%clk 1:30:36]} 2. Nc3 {[%clk 1:24:04]} d5
{[%clk 1:30:25]} 3. Bf4 {[%clk 1:24:28]} Bf5 {[%clk 1:24:10]} 4. e3
{[%clk 1:23:34]} e6 {[%clk 1:24:21]} 5. Nf3 {[%clk 1:16:19]} Be7 {[%clk 1:23:38]}
6. Ne5 {[%clk 1:16:02]} O-O {[%clk 1:18:57]} 7. g4 {[%clk 1:14:58]} Bg6
{[%clk 1:13:21]} 8. h4 {[%clk 1:12:37]} h6 {[%clk 1:07:48]} 9. Nxg6
{[%clk 1:12:19]} fxg6 {[%clk 1:08:16]} 10. Bd3 {[%clk 1:07:42]} Qe8
{[%clk 0:58:53]} 11. g5 {[%clk 0:33:58]} Nh5 {[%clk 0:55:17]} 12. Qg4
{[%clk 0:30:17]} Nxf4 {[%clk 0:52:52]} 13. exf4 {[%clk 0:30:40]} Bd6
{[%clk 0:52:22]} 14. gxh6 {[%clk 0:28:12]} Rxf4 {[%clk 0:52:28]} 15. Qg2
{[%clk 0:25:46]} gxh6 {[%clk 0:41:31]} 16. Bxg6 {[%clk 0:25:25]} Qe7
{[%clk 0:40:24]} 17. O-O-O {[%clk 0:15:22]} Kh8 {[%clk 0:35:39]} 18. Ne2
{[%clk 0:06:11]} Rf6 {[%clk 0:35:17]} 19. Rhg1 {[%clk 0:06:09]} Nd7
{[%clk 0:35:03]} 20. Bd3 {[%clk 0:05:41]} Raf8 {[%clk 0:29:48]} 21. Rdf1
{[%clk 0:05:43]} c5 {[%clk 0:28:55]} 22. c3 {[%clk 0:05:30]} c4 {[%clk 0:28:57]}
23. Bc2 {[%clk 0:05:49]} b5 {[%clk 0:29:17]} 24. f4 {[%clk 0:05:57]} a5
{[%clk 0:29:09]} 25. Rf3 {[%clk 0:06:23]} R6f7 {[%clk 0:26:07]} 26. Rg3
{[%clk 0:03:39]} Nf6 {[%clk 0:26:04]} 27. Rg6 {[%clk 0:03:26]} Rh7
{[%clk 0:26:24]} 28. Kb1 {[%clk 0:02:38]} b4 {[%clk 0:23:24]} 29. Ng3
{[%clk 0:03:02]} Qf7 {[%clk 0:22:45]} 30. Rxf6 {[%clk 0:00:38]} Qxf6
{[%clk 0:23:06]} 31. Bxh7 {[%clk 0:01:02]} Kxh7 {[%clk 0:22:49]} 32. Nh5
{[%clk 0:00:56]} Qf5+ {[%clk 0:22:18]} 33. Ka1 {[%clk 0:01:20]} Qf7
{[%clk 0:22:40]} 34. Qc2+ {[%clk 0:01:32]} Qf5 {[%clk 0:22:50]} 35. Qg2
{[%clk 0:01:44]} Qf7 {[%clk 0:23:18]} 36. Qc2+ {[%clk 0:01:20]} Qf5
{[%clk 0:23:47]} 37. Qa4 Qxh5 38. Qd7+ Qf7 1/2-1/2

[Event "MPA 2100 2024"]
[Site "Sianozety"]
[Date "2024.04.12"]
[Round "9.2"]
[White "Sliwerski, Radoslaw"]
[Black "Lewandrowski, Tomasz"]
[Result "1-0"]
[BlackElo "1919"]
[WhiteElo "1995"]
[LiveChessVersion "1.4.4"]

1. d4 {[%clk 1:26:58]} Nf6 {[%clk 1:30:58]} 2. c4 {[%clk 1:27:24]} e6
{[%clk 1:31:18]} 3. Nc3 {[%clk 1:27:47]} d5 {[%clk 1:30:22]} 4. cxd5
{[%clk 1:28:11]} exd5 {[%clk 1:30:29]} 5. Bg5 {[%clk 1:28:38]} Nbd7
{[%clk 1:28:52]} 6. e3 {[%clk 1:28:28]} Be7 {[%clk 1:29:01]} 7. Bd3
{[%clk 1:28:37]} h6 {[%clk 1:28:57]} 8. Bh4 {[%clk 1:28:52]} O-O {[%clk 1:29:06]}
9. Nge2 {[%clk 1:29:04]} c6 {[%clk 1:28:40]} 10. Qc2 {[%clk 1:28:54]} Re8
{[%clk 1:28:26]} 11. O-O {[%clk 1:29:03]} Ne4 {[%clk 1:28:22]} 12. Bxe7
{[%clk 1:28:18]} Qxe7 {[%clk 1:28:46]} 13. Bxe4 {[%clk 1:28:42]} dxe4
{[%clk 1:29:14]} 14. d5 {[%clk 1:28:58]} Nf6 {[%clk 1:27:49]} 15. Rfd1
{[%clk 1:17:09]} Bg4 {[%clk 1:23:56]} 16. h3 {[%clk 1:09:50]} Bh5
{[%clk 1:23:56]} 17. dxc6 {[%clk 1:04:49]} bxc6 {[%clk 1:24:25]} 18. Rd4
{[%clk 0:55:54]} g5 {[%clk 1:21:22]} 19. Ng3 {[%clk 0:51:37]} Bg6
{[%clk 1:21:32]} 20. Na4 {[%clk 0:50:42]} h5 {[%clk 1:07:19]} 21. Qc5
{[%clk 0:50:23]} Qxc5 {[%clk 1:05:42]} 22. Nxc5 {[%clk 0:50:50]} h4
{[%clk 1:05:58]} 23. Ne2 {[%clk 0:50:27]} Rab8 {[%clk 1:05:32]} 24. b3
{[%clk 0:50:07]} Re5 {[%clk 1:01:12]} 25. Rc1 {[%clk 0:46:22]} Bh5
{[%clk 0:54:07]} 26. g4 {[%clk 0:45:27]} hxg3 {[%clk 0:54:15]} 27. Nxg3
{[%clk 0:45:55]} Bf3 {[%clk 0:54:30]} 28. Rd6 {[%clk 0:34:41]} Kg7
{[%clk 0:48:54]} 29. Rxf6 {[%clk 0:35:01]} Rxc5 {[%clk 0:49:23]} 30. Rxc5
{[%clk 0:33:52]} Kxf6 {[%clk 0:48:42]} 31. Rxc6+ {[%clk 0:31:13]} Ke5
{[%clk 0:47:51]} 32. Rc5+ {[%clk 0:28:39]} Kf6 {[%clk 0:44:44]} 33. Nf5
{[%clk 0:19:49]} Rh8 {[%clk 0:43:33]} 34. Nd4 {[%clk 0:20:13]} Rxh3
{[%clk 0:43:18]} 35. Nxf3 {[%clk 0:20:39]} exf3 {[%clk 0:43:38]} 36. Rc4
{[%clk 0:15:03]} Rh8 {[%clk 0:43:32]} 37. Ra4 {[%clk 0:15:10]} Rd8
{[%clk 0:42:50]} 38. Kh2 {[%clk 0:15:01]} Rd2 {[%clk 0:41:36]} 39. Kg3
{[%clk 0:15:22]} g4 {[%clk 0:41:35]} 40. Rxa7 {[%clk 0:14:40]} Kg6
{[%clk 0:40:17]} 41. e4 {[%clk 0:08:28]} Re2 {[%clk 0:40:39]} 42. Ra6+
{[%clk 0:08:33]} Kg5 {[%clk 0:40:26]} 43. Ra5+ {[%clk 0:08:49]} Kg6
{[%clk 0:40:41]} 44. Kxg4 {[%clk 0:08:59]} Rxf2 {[%clk 0:41:02]} 45. Ra6+
{[%clk 0:09:00]} Kg7 {[%clk 0:41:09]} 46. Kg3 {[%clk 0:09:08]} Rf1
{[%clk 0:41:27]} 47. Ra5 {[%clk 0:09:00]} f2 {[%clk 0:39:45]} 48. e5
{[%clk 0:08:51]} Kg6 {[%clk 0:39:05]} 49. Kg2 {[%clk 0:09:17]} Rb1
{[%clk 0:39:17]} 50. Kxf2 {[%clk 0:09:41]} Kf5 {[%clk 0:39:28]} 51. Ke3
{[%clk 0:09:34]} Rd1 {[%clk 0:38:54]} 52. Rc5 {[%clk 0:09:13]} Ke6
{[%clk 0:38:14]} 53. a4 {[%clk 0:09:12]} Rd8 {[%clk 0:37:26]} 54. Rb5
{[%clk 0:09:08]} Rh8 {[%clk 0:37:16]} 55. a5 {[%clk 0:09:13]} Rh3+
{[%clk 0:37:14]} 56. Kd4 {[%clk 0:09:25]} Rh4+ {[%clk 0:37:35]} 57. Kc5
{[%clk 0:09:25]} Kxe5 {[%clk 0:37:50]} 58. a6 {[%clk 0:09:51]} Rh8
{[%clk 0:37:49]} 59. a7 {[%clk 0:10:11]} 1-0

[Event "MPA 2100 2024"]
[Site "Sianozety"]
[Date "2024.04.12"]
[Round "9.3"]
[White "Plotka, Wojciech"]
[Black "Maksimenko, Andrei Jr"]
[Result "0-1"]
[BlackElo "1867"]
[WhiteElo "1958"]
[LiveChessVersion "1.4.4"]

1. d4 {[%clk 1:30:30]} Nf6 {[%clk 1:19:18]} 2. Nf3 {[%clk 1:30:53]} d5
{[%clk 1:19:36]} 3. e3 {[%clk 1:29:36]} c5 {[%clk 1:20:01]} 4. c4
{[%clk 1:26:14]} cxd4 {[%clk 1:17:05]} 5. exd4 {[%clk 1:26:36]} g6
{[%clk 1:09:06]} 6. Nc3 {[%clk 1:26:16]} Bg7 {[%clk 1:07:48]} 7. Qb3
{[%clk 1:20:03]} O-O {[%clk 1:00:00]} 8. cxd5 {[%clk 1:01:27]} Nbd7
{[%clk 0:54:42]} 9. Bg5 {[%clk 0:56:01]} Nb6 {[%clk 0:50:36]} 10. Bd3
{[%clk 0:49:07]} Nbxd5 {[%clk 0:43:50]} 11. O-O {[%clk 0:46:23]} Nb6
{[%clk 0:28:38]} 12. Rad1 {[%clk 0:38:24]} Be6 {[%clk 0:17:33]} 13. Qc2
{[%clk 0:38:32]} Nbd5 {[%clk 0:16:41]} 14. a3 {[%clk 0:38:32]} Rc8
{[%clk 0:16:35]} 15. Qd2 {[%clk 0:35:10]} Bg4 {[%clk 0:16:07]} 16. Ne4
{[%clk 0:22:28]} Bxf3 {[%clk 0:14:43]} 17. gxf3 {[%clk 0:22:48]} Qc7
{[%clk 0:11:09]} 18. Rfe1 {[%clk 0:15:08]} Nh5 {[%clk 0:07:01]} 19. Bf1
{[%clk 0:14:57]} Nhf4 {[%clk 0:06:40]} 20. Rc1 {[%clk 0:14:28]} Qb8
{[%clk 0:06:52]} 21. Nc5 {[%clk 0:14:38]} Rcd8 {[%clk 0:03:03]} 22. Bxe7
{[%clk 0:09:16]} Nxe7 {[%clk 0:03:32]} 23. Rxe7 {[%clk 0:09:40]} Rxd4
{[%clk 0:02:47]} 24. Qe3 {[%clk 0:09:37]} Nd5 {[%clk 0:03:08]} 25. Qe2
{[%clk 0:06:01]} Nxe7 {[%clk 0:03:17]} 26. Qxe7 {[%clk 0:06:28]} Qf4
{[%clk 0:02:42]} 27. Re1 {[%clk 0:06:01]} Qxf3 {[%clk 0:02:36]} 28. h3
{[%clk 0:05:55]} Bf6 {[%clk 0:02:02]} 29. Qxb7 {[%clk 0:04:55]} Qxb7
{[%clk 0:01:36]} 30. Nxb7 {[%clk 0:05:23]} Rd2 {[%clk 0:01:34]} 31. b3
{[%clk 0:05:06]} Rb8 {[%clk 0:00:57]} 32. Nc5 {[%clk 0:04:07]} Bd4
{[%clk 0:01:05]} 33. Ne4 {[%clk 0:04:26]} Ra2 {[%clk 0:01:09]} 34. Bc4
{[%clk 0:04:34]} Kg7 {[%clk 0:00:52]} 35. Rd1 {[%clk 0:04:00]} Ra1
{[%clk 0:00:59]} 36. Rxa1 {[%clk 0:04:11]} Bxa1 {[%clk 0:01:27]} 37. Nd6
{[%clk 0:04:19]} f5 {[%clk 0:01:41]} 38. Kg2 {[%clk 0:04:24]} Rd8
{[%clk 0:01:00]} 39. Nb5 {[%clk 0:04:09]} a5 {[%clk 0:00:45]} 40. Nc7
{[%clk 0:04:28]} Rd2 {[%clk 0:01:14]} 41. a4 {[%clk 0:04:33]} Bd4
{[%clk 0:00:35]} 42. Ne6+ {[%clk 0:04:27]} Kf6 {[%clk 0:01:04]} 43. Nxd4
{[%clk 0:04:40]} Rxd4 {[%clk 0:01:33]} 44. Kg3 {[%clk 0:04:36]} g5
{[%clk 0:01:50]} 45. Kf3 {[%clk 0:02:51]} h5 {[%clk 0:01:45]} 46. Ke3
{[%clk 0:03:01]} Ke5 {[%clk 0:01:55]} 47. Be2 {[%clk 0:02:20]} h4
{[%clk 0:00:43]} 48. f3 {[%clk 0:01:50]} Rd8 {[%clk 0:00:45]} 49. Bc4
{[%clk 0:01:52]} Rd1 {[%clk 0:00:59]} 50. Kf2 {[%clk 0:01:15]} Kf4
{[%clk 0:01:20]} 51. Be2 {[%clk 0:00:46]} Rd2 {[%clk 0:01:34]} 52. Ke1
{[%clk 0:01:04]} Rb2 {[%clk 0:01:59]} 0-1